000 00534cam a22001932 4500
001 0000007553
005 20151217160114.0
008 080215s xx 000 0 eng d
020 _a8171811086 :
_cKES 125
040 _aKABU
_cKABU
100 1 _aPatel, Amrita.
_@0000158805
245 1 0 _aHomi Bhabha /
_cAmrita Patel.
260 _aNew Delhi :
_bLearners Press,
_c1992.
300 _a47 p.
600 1 0 _aBhabha, Homi.
_@0000158807
908 _a080215
950 _@1
999 _c14333
_d14333